Personnages Mercredi par image - Statistiques

Statistiques générales
  • Ce quiz a été pris 1 363 fois
  • Le résultat moyen est 10 sur 16
Statistiques - réponses
Par images Réponse % Correct
Mercredi
100%
La Chose
94%
Enid
87%
Morticia
83%
Xavier
77%
Tyler
76%
Gomez
72%
Bianca
67%
Pugsley
61%
Ajax
59%
Eugene
53%
Weems
35%
Yoko
32%
Marilyn Thornhill
28%
Rowan
23%
Kinbott
13%
Aucun quiz correspondant
Distribution des résultats
% des personnes avec chaque résultat
Percentile par nombre de réponses
Votre historique - résultats
Vous n’avez pas pris ce quiz